Statistics for 2018 Notable Deaths

Click here to take the quiz!

General Stats

  • This quiz has been taken 26 times
  • The average score is 8 of 15

Answer Stats

HintAnswer% Correct
Founded Marvel Comics.Stan Lee
100%
Sung R-E-S-P-E-C-T.Aretha Franklin
86%
Famous first lady.Barbara Bush
82%
41st U.S. PresidentGeorge H.W. Bush
82%
Theoretical physicist. Wrote "The Theory of Everything".Stephen Hawking
73%
Senator of ArizonaJohn McCain
64%
Celebrity chef and TV personality.Anthony Bourdain
45%
Swedish pop singer.Avicii
45%
Actor. Younger brother of Dick.Jerry Van Dyke
45%
Very intelligent gorilla. Knew over 1,000 words and phrases in sign language.Koko
45%
Famous evangelist.Billy Graham
36%
Creator of Spongebob.Stephen Hillenburg
36%
US fashion designer.Kate Spade
32%
Icelandic actor. Voice of Robbie Rotten from the show Lazy Town.Stefan Karl Stefansson
18%
Jazz legend.Nancy Wilson
14%

Score Distribution

Percentile by Number Answered

Percent of People with Each Score

Your Score History

You have not taken this quiz